| Tag |
First Indicator |
Second Indicator |
Subfields |
| LEADER |
00000cam a2200000 a 4500 |
| 001 |
in00000564421 |
| 005 |
20151014064032.0 |
| 008 |
840525s1983 at af 00110 eng |
| 010 |
|
|
|a 84166697
|
| 020 |
|
|
|a 095922940X
|
| 035 |
|
|
|a (OCoLC)11970197
|
| 035 |
|
|
|9 ACN5139AM
|
| 039 |
0 |
|
|a 2
|b 3
|c 3
|d 3
|e 3
|
| 040 |
|
|
|a DLC
|c DLC
|d TXA
|d UtOrBLW
|
| 043 |
|
|
|a u-at---
|
| 049 |
|
|
|a TXAM
|c [A09031699]
|
| 050 |
0 |
0 |
|a GV1003
|b .G37 1983
|
| 082 |
0 |
|
|a 796.34
|2 19
|
| 100 |
1 |
|
|a Garnett, Michael P.
|
| 245 |
1 |
2 |
|a A history of royal tennis in Australia /
|c Michael P. Garnett.
|
| 264 |
|
1 |
|a Victoria, Australia :
|b Historical Publications,
|c 1983.
|
| 300 |
|
|
|a xv, 224 pages, 20 unnumbered pages of plates :
|b illustrations (some color) ;
|c 24 cm.
|
| 336 |
|
|
|a text
|b txt
|2 rdacontent
|
| 337 |
|
|
|a unmediated
|b n
|2 rdamedia
|
| 338 |
|
|
|a volume
|b nc
|2 rdacarrier
|
| 500 |
|
|
|a Includes index.
|
| 650 |
|
0 |
|a Tennis
|z Australia
|x History.
|
| 999 |
|
|
|a MARS
|
| 999 |
f |
f |
|s 84d9a722-6496-3647-9b7b-df37a2d64fac
|i 579e4fbe-38cd-3c25-8597-a3c01d55a4a6
|t 0
|
| 952 |
f |
f |
|p ric
|a Texas A&M University
|b Rellis Campus
|c Joint Library Facility
|d Remote Storage
|t 0
|e GV1003 .G37 1983
|h Library of Congress classification
|i unmediated -- volume
|m A14809031699
|
| 998 |
f |
f |
|a GV1003 .G37 1983
|t 0
|l Remote Storage
|